000
00221nam a22000857a 4500
008
161114b xxu||||| |||| 00| 0 eng d
100
_9
1182
_a
Gupta.S.K.etal.
245
_a
Com Mathematics-VI
260
_a
New Delhi
_b
S. chand
_c
2012
999
_c
3862
_d
3862